000 00827nam a2200253Ia 4500
003 OSt
005 20220923225001.0
006 a|||||r|||| 00| 0
007 ta
008 220922b |||||||| |||| 00| 0 hin d
024 _a254,647
037 _cTextual
040 _aARTS
_cARTS
_bhin
041 _2hin
_ahin
082 _aO152,3NCH8,AS, M9
100 _aचटर्जी, जयव्रत
245 0 _aअभी सूरज नहीं डूबा
246 _aAbhī sūraj nahīan ḍūbā
260 _aनई दिल्ली
_b संजीव प्रकाशन
_c1989
300 _a113पृ.
_ccm.
650 _aहिन्दी साहित्य
_9156264
942 _hO152,3NCH8,AS, M9
_cTEXL
_2CC
999 _c375215
_d375215